Countries Closest Per Letter Quiz Stats

Quiz not verified by Sporcle

Challenge
Share
Tweet
Embed
Score 0/21 Timer 05:00
1 Play Today
Letter Countries % Correct
ZZambia and Zimbabwe
93.7%
FFrance and Finland
85.2%
KKazakhstan and Kyrgyzstan
82.3%
EEritrea and Ethiopia
81.4%
IIran and Iraq
80.6%
JJordan and Japan
77.6%
LLatvia and Lithuania
77.6%
AArmenia and Azerbaijan
70.9%
NNiger and Nigeria
70.5%
MMali and Mauritania
70%
BBurkina Faso and Benin
67.9%
Letter Countries % Correct
HHonduras and Haiti
67.5%
GGuinea and Guinea-Bissau
65.4%
SSudan and South Sudan
63.7%
CCameroon and Chad
57.8%
DDominica and Dominican Republic
57.4%
VVanuatu and Vietnam
57.4%
TTurkmenistan and Tajikistan
48.5%
RRwanda and Republic of the Congo
48.1%
UUnited Arab Emirates and Uzbekistan
40.1%
PPhilippines and Palau
25.3%

You're not logged in!

Compare scores with friends on all Sporcle quizzes.
Sign Up with Email
OR
Log In

You Might Also Like...

Show Comments

Extras

Top Quizzes Today


Score Distribution

Your Account Isn't Verified!

In order to create a playlist on Sporcle, you need to verify the email address you used during registration. Go to your Sporcle Settings to finish the process.

Report this User

Report this user for behavior that violates our Community Guidelines.

Details: